Justicia y verdad

Uloženo v:
Podrobná bibliografie
Hlavní autor: Goldschmidt, Werner (autor)
Médium: Kniha
Jazyk:španělština
Vydáno: Buenos Aires La Ley 1978
Témata:
Tagy: Přidat tag
Žádné tagy, Buďte první, kdo vytvoří štítek k tomuto záznamu!

MARC

LEADER 00000nam a2200000 a 4500
001 UCV1624
003 CL-VaPUC
008 900904e19780000AG |||||||||||||||||spa|d
082 0 4 |a 340.12  |b GOL  |2 21 
100 |a Goldschmidt, Werner  |e autor  |9 395073 
245 1 0 |a Justicia y verdad 
300 |a 591 p 
942 |c BK 
945 |d 19900904 00:00:00 
260 |a Buenos Aires  |b La Ley  |c 1978 
650 0 |a Derecho natural   |9 255041 
650 0 |a Filosofía del derecho   |9 255050 
650 0 |a Justicia   |9 255408 
583 |a last modification  |c 19900904 00:00:00  |k Rodrigo Vera 
999 |c 209544  |d 209542 
952 |0 0  |1 0  |4 0  |6 340_120000000000000_GOL_1978  |7 0  |8 DER_TF  |9 185015  |a BIBDER  |b BIBDER  |d 2019-11-14  |i 2523310  |o 340.12 GOL 1978  |p 2523310  |r 2023-01-25  |w 2019-11-14  |x Ubicación 4to Piso  |y BK  |z Estos recursos deben solicitarse con anticipación  |k DER